000 01476cam a2200433 a 4500
001 20728
003 VRT
005 20260130143902.0
008 240226s1995 xo gr 000 f slo
015 _aSNBA1995/05
020 _a8022005878
_q(viazané)
035 _aSNK000021494
039 9 _a202402261755
_bVLOAD
_c202402211239
_dVLOAD
_c202301191043
_dmsnk24
_c202301191005
_dmsnk24
040 _aSNK
_bslo
_cSNK
_eAACR2
041 1 _aslo
_heng
044 _axo
_cSK
072 7 _a821.111(73)-3
_xAmerická próza
_2konspekt
080 _a820 (73)-3
_21997
080 _a821.111(73)31
_22011
080 _a(0:82-312.4)
_22011
100 1 _aMcBain, Ed,
_d1926-2005
_4aut
240 1 0 _aThree Blind Mice
_lSlovensky
245 1 0 _aTri slepé myši
_cEd Mac Bain ; [preklad: Miroslava Staszová]
250 _a1. vyd.
260 _aBratislava
_bSlovenský spisovateľ
_c1995
_eBratislava
_fSvornosť
300 _a212 strán
_c21 cm
490 1 _aZelená knižnica
500 _aPreložené z angličtiny
655 7 _aamerické romány
_2SNKPH
655 7 _adetektívne romány
_2SNKPH
700 1 _aStaszová, Miroslava,
_d1952-
_4trl
830 0 _aZelená knižnica
910 _asnk
942 _2ddc
_cKLDO
_n0
949 _6270001000024256
_asvkbbA 88678
_p591.914
949 _617A0078995
_9P60, <05>, [BOOK], {605}
_asnkSC 88084 D1
949 _617A1013212
_asnkSC 88084
_bsnkKSP 4190/95
_s6100:20230127
949 _6273K0221638
_asvkpoA 165049
_bsvkpo409167
_oPV 1875/95
999 _c20728
_d20728